01002 2200325 4500001002100000005001500021035002000036007000300056040001700059100004000076245005300116250001200169300003500181020002200216041000800238082001100246084001700257090002100274264004500295336002100340337003000361338002300391650001700414700010600431850001000537008004100547500004800588990002000636990002000656INLIS00000000000553520260508021454 a0010-0222000625ta aSBPUPADbind0 aIbnu Abdil Bari El-AfifiePengarang1 aEnsiklopedia Hikmah /cIbnu Abdil Bari El-`Afifi a.-Cet 1 a400 hal. :bIlus ;c20,5x14 cm a978-602-8171-16-8 aind a297.57 a297.57 ELA e a297.56 ASY k 6-3 a.--Sukoharto :bKuttab Publishing,c2016 2rdacontentateks 2rdamediaatanpa perantara 2rdacarrieravolume 4aEnsiklopedia aEditor 1 Abu Nabil Faqih,Editor 2 Abu Ibrahim Alim Yakhsya, Editor3 Abu Hussamuddin FawwasePengarang aPUPAD260508 0  aIndeks,hal 391-399, Biodata Penulis,hal 400 a24.423/H/DPK/17 a24.422/H/DPK/17